[Event "SWE-chB"]
[Site "Uppsala"]
[Date "2022.07.09"]
[Round "8"]
[White "Thorn, Eric"]
[Black "Von Bahr, Oskar"]
[Result "0-1"]
[WhiteElo "2366"]
[BlackElo "2386"]
[PlyCount "128"]
[EventDate "2022.07.02"]
[EventType "tourn"]
[EventRounds "9"]
[EventCountry "SWE"]
[EventCategory "5"]
[SourceTitle "CBM 209 Extra"]
[Source "ChessBase"]
[SourceDate "2022.09.30"]
[SourceVersion "1"]
[SourceVersionDate "2022.09.30"]
[SourceQuality "1"]

1. d4 Nf6 2. c4 e6 3. Nf3 d5 4. g3 Bb4+ 5. Bd2 Be7 6. Bg2 0-0 7. 0-0 Nbd7 8. Qc2 c6 9. Rd1 b6 10. Bf4 Bb7 11. Nc3 dxc4 12. Nd2 Nd5 13. Nxc4 Nxf4 14. gxf4 Qc7 15. e3 Rad8 16. Rac1 c5 17. d5 exd5 18. Nxd5 Bxd5 19. Rxd5 b5 20. Ne5 Nxe5 21. Rxe5 a6 22. a4 bxa4 23. Qxa4 Rd2 24. Rd5 Rxd5 25. Bxd5 Qd6 26. Rd1 Qg6+ 27. Bg2 Rb8 28. h3 Bf8 29. b3 Qc2 30. Qd7 Qxb3 31. f5 Qb5 32. Qc7 Qb6 33. Qe5 Rd8 34. Bd5 Bd6 35. Qe4 Qc7 36. f6 gxf6 37. Kh1 Kh8 38. Qf5 Be5 39. f4 Bc3 40. Rc1 Qd7 41. Qxd7 Rxd7 42. Rxc3 Rxd5 43. Kg2 f5 44. Kf3 a5 45. Rc4 Kg7 46. Ra4 c4 47. Rxc4 Rd6 48. Rc5 Ra6 49. Rxf5 a4 50. Rg5+ Kf6 51. Rg2 a3 52. Ra2 Ke6 53. Ke4 Ra4+ 54. Kd3 f5 55. Kc2 Kd5 56. Kb1 Ke4 57. Rg2 Kxe3 58. Rg7 Kxf4 59. Rxh7 Kg3 60. Ka2 f4 61. h4 f3 62. h5 f2 63. Rg7+ Rg4 64. Rf7 Rf4 0-1

[Event "SWE-chB"]
[Site "Uppsala"]
[Date "2022.07.08"]
[Round "7"]
[White "Von Bahr, Oskar"]
[Black "Johansson, Jan"]
[Result "1-0"]
[WhiteElo "2386"]
[BlackElo "2306"]
[PlyCount "59"]
[EventDate "2022.07.02"]
[EventType "tourn"]
[EventRounds "9"]
[EventCountry "SWE"]
[EventCategory "5"]
[SourceTitle "CBM 209 Extra"]
[Source "ChessBase"]
[SourceDate "2022.09.30"]
[SourceVersion "1"]
[SourceVersionDate "2022.09.30"]
[SourceQuality "1"]

1. e4 d6 2. d4 Nf6 3. Nc3 e5 4. Nf3 Nbd7 5. Rg1 Be7 6. g4 exd4 7. Nxd4 Nc5 8. f3 d5 9. g5 dxe4 10. gxf6 Bxf6 11. Be3 Bh4+ 12. Kd2 0-0 13. Kc1 Qf6 14. b4 exf3 15. bxc5 f2 16. Rg3 Bxg3 17. hxg3 Qe5 18. Bxf2 Qxc5 19. Qf3 Bg4 20. Qxg4 Qxc3 21. Nb3 Rfe8 22. Be2 Rad8 23. Bd4 Rxd4 24. Qxd4 Qxd4 25. Nxd4 c5 26. Bf3 cxd4 27. Bxb7 h5 28. Kd2 Re3 29. Rg1 f5 30. c4 1-0

[Event "Uppsala 06"]
[Site "Uppsala"]
[Date "2022.06.16"]
[Round "5"]
[White "Von Bahr, Oskar"]
[Black "Ernst, Thomas"]
[Result "1-0"]
[WhiteElo "2373"]
[BlackElo "2298"]
[PlyCount "95"]
[EventDate "2022.06.13"]
[EventType "tourn"]
[EventRounds "9"]
[EventCountry "SWE"]
[EventCategory "6"]
[SourceTitle "CBM 208 Extra"]
[Source "ChessBase"]
[SourceDate "2022.07.31"]
[SourceVersion "1"]
[SourceVersionDate "2022.07.31"]
[SourceQuality "1"]

1. e4 c5 2. Nf3 d6 3. d4 cxd4 4. Nxd4 Nf6 5. Nc3 g6 6. Be3 Bg7 7. f3 Nc6 8. Qd2 0-0 9. 0-0-0 d5 10. exd5 Nxd5 11. Nxc6 bxc6 12. Bd4 e5 13. Bc5 Be6 14. Ne4 Re8 15. h4 h6 16. h5 g5 17. g4 Qc7 18. Bc4 Red8 19. Qf2 f5 20. gxf5 Bxf5 21. Rd2 Kh8 22. Rhd1 Be6 23. Bb3 Bg8 24. Kb1 Bf7 25. Qh2 Kg8 26. Ka1 Rd7 27. Bd6 Rxd6 28. Nxd6 Qxd6 29. c4 Rc8 30. Rd3 Qf6 31. cxd5 cxd5 32. Qe2 e4 33. fxe4 Bxh5 34. Qg2 Bxd1 35. Rxd1 Kh8 36. exd5 a5 37. a4 Qd6 38. Ka2 Rb8 39. Rd3 Bf6 40. Qd2 Rb4 41. Re3 Kg7 42. Re6 Qb8 43. Qf2 Rf4 44. Qc2 Qa7 45. d6 Qf2 46. Re2 Qd4 47. Re8 Qxd6 48. Rg8# 1-0

[Event "SWE-chT 2122 Elite"]
[Site "Sweden"]
[Date "2022.05.15"]
[Round "9.2"]
[White "Von Bahr, Oskar"]
[Black "Vernersson, Per"]
[Result "1/2-1/2"]
[WhiteElo "2386"]
[BlackElo "2253"]
[PlyCount "100"]
[EventDate "2021.12.03"]
[EventType "team-tourn"]
[EventRounds "9"]
[EventCountry "SWE"]
[SourceTitle "EXT 2023"]
[Source "ChessBase"]
[SourceDate "2022.10.05"]
[SourceVersion "1"]
[SourceVersionDate "2022.10.05"]
[SourceQuality "1"]
[WhiteTeam "Kungstornet"]
[BlackTeam "Eksjo"]
[WhiteTeamCountry "SWE"]
[BlackTeamCountry "SWE"]

1. e4 c6 2. d4 d5 3. e5 Bf5 4. g4 Bd7 5. Nc3 e6 6. Be3 Qb6 7. Na4 Qc7 8. f4 Na6 9. c3 b5 10. Nc5 Nxc5 11. dxc5 g5 12. fxg5 Qxe5 13. Qd4 Bg7 14. Qxe5 Bxe5 15. Nf3 Bg7 16. Bd4 Bxd4 17. cxd4 h6 18. gxh6 f6 19. Rg1 Nxh6 20. g5 fxg5 21. Rxg5 Nf7 22. Rg3 Ke7 23. Bd3 Rag8 24. Kf2 Rxg3 25. hxg3 Kf6 26. Re1 a5 27. g4 Ng5 28. Nxg5 Kxg5 29. Kg3 Kf6 30. Rf1+ Kg7 31. a3 Be8 32. Re1 Bf7 33. Kf4 Rh4 34. Kg3 Rh8 35. Kf4 Rh4 36. Rf1 Rh2 37. Ke5 Rxb2 38. Kd6 Rb3 39. Be2 Be8 40. Ke7 Bg6 41. Ra1 Rb2 42. Bd1 Rd2 43. Kxe6 Rxd4 44. Kd7 Kf6 45. Kxc6 Be8+ 46. Kd6 Re4 47. Kxd5 Re5+ 48. Kd4 Bc6 49. Rc1 Re1 50. Kd3 Rg1 1/2-1/2

[Event "SWE-chT 2122 Elite"]
[Site "Sweden"]
[Date "2022.05.14"]
[Round "8.2"]
[White "Johansson, Linus"]
[Black "Von Bahr, Oskar"]
[Result "1/2-1/2"]
[WhiteElo "2473"]
[BlackElo "2386"]
[PlyCount "139"]
[EventDate "2021.12.03"]
[EventType "team-tourn"]
[EventRounds "9"]
[EventCountry "SWE"]
[SourceTitle "EXT 2023"]
[Source "ChessBase"]
[SourceDate "2022.10.05"]
[SourceVersion "1"]
[SourceVersionDate "2022.10.05"]
[SourceQuality "1"]
[WhiteTeam "Limhamn"]
[BlackTeam "Kungstornet"]
[WhiteTeamCountry "SWE"]
[BlackTeamCountry "SWE"]

1. d4 Nf6 2. c4 g6 3. Nc3 d5 4. cxd5 Nxd5 5. e4 Nxc3 6. bxc3 Bg7 7. Qa4+ Nd7 8. Nf3 0-0 9. Be2 c5 10. 0-0 Nb6 11. Qa3 cxd4 12. cxd4 Bg4 13. Bg5 Bxf3 14. Bxf3 Qxd4 15. Qxe7 Qa4 16. Bd1 Qa5 17. Bb3 Nc8 18. Qxb7 Nd6 19. Qd5 Qxd5 20. Bxd5 Bxa1 21. Rxa1 Rae8 22. Bh6 Nxe4 23. g3 Nc3 24. Bf3 Re5 25. Bxf8 Kxf8 26. Kf1 Ra5 27. a3 Ke7 28. Ke1 Kd6 29. Kd2 Rxa3 30. Rc1 Nd5 31. Bxd5 Kxd5 32. Rc7 Ke6 33. h4 h5 34. Ke2 Ra2+ 35. Kf3 Ra3+ 36. Kf4 Ra5 37. f3 Rf5+ 38. Ke4 Re5+ 39. Kf4 Rf5+ 40. Ke4 Ra5 41. Rc6+ Kd7 42. Rf6 Ke7 43. Rc6 Ra1 44. Ke5 f6+ 45. Ke4 Ra4+ 46. Ke3 Kf7 47. Rc7+ Ke6 48. Rc6+ Ke5 49. Rc5+ Kd6 50. Rc8 Ra3+ 51. Kf4 g5+ 52. hxg5 fxg5+ 53. Kxg5 Rxf3 54. Kh4 a5 55. Ra8 Rf5 56. g4 hxg4 57. Kxg4 Rc5 58. Kf4 Kd5 59. Ke3 Kc4 60. Kd2 Kb3 61. Rb8+ Ka2 62. Ra8 Kb3 63. Rb8+ Ka3 64. Rb7 a4 65. Rb8 Ka2 66. Rb7 a3 67. Rb8 Rh5 68. Kc2 Rh2+ 69. Kc1 Rb2 70. Rc8 1/2-1/2

[Event "SWE-chT 2122 Elite"]
[Site "Sweden"]
[Date "2022.05.13"]
[Round "7.3"]
[White "Golubka, Petr"]
[Black "Von Bahr, Oskar"]
[Result "1/2-1/2"]
[WhiteElo "2380"]
[BlackElo "2386"]
[PlyCount "47"]
[EventDate "2021.12.03"]
[EventType "team-tourn"]
[EventRounds "9"]
[EventCountry "SWE"]
[SourceTitle "EXT 2023"]
[Source "ChessBase"]
[SourceDate "2022.10.05"]
[SourceVersion "1"]
[SourceVersionDate "2022.10.05"]
[SourceQuality "1"]
[WhiteTeam "Vaxjo"]
[BlackTeam "Kungstornet"]
[WhiteTeamCountry "SWE"]
[BlackTeamCountry "SWE"]

1. e4 e5 2. Nf3 Nc6 3. Bb5 a6 4. Ba4 Nf6 5. d3 b5 6. Bb3 Be7 7. a4 b4 8. 0-0 0-0 9. Bd5 Bd6 10. Bg5 h6 11. Bh4 g5 12. Bg3 Nxd5 13. exd5 Ne7 14. c4 bxc3 15. Nxc3 Bb7 16. Nxe5 f5 17. f4 Bxe5 18. fxe5 Bxd5 19. b4 Be6 20. Bf2 Nd5 21. Nxd5 Bxd5 22. Bc5 Rf7 23. Qh5 Kh7 24. Rae1 1/2-1/2

[Event "Norrkoeping Easter op"]
[Site "Norrkoeping"]
[Date "2022.04.15"]
[Round "2"]
[White "Strom Engdahl, Alexander"]
[Black "Von Bahr, Oskar"]
[Result "1/2-1/2"]
[WhiteElo "2061"]
[BlackElo "2384"]
[PlyCount "66"]
[EventDate "2022.04.15"]
[EventType "swiss"]
[EventRounds "8"]
[EventCountry "SWE"]
[SourceTitle "CBM 207 Extra"]
[Source "ChessBase"]
[SourceDate "2022.05.31"]
[SourceVersion "1"]
[SourceVersionDate "2022.05.31"]
[SourceQuality "1"]

1. c4 c5 2. Nc3 Nc6 3. g3 g6 4. Bg2 Bg7 5. e4 d6 6. d3 Nf6 7. Nge2 0-0 8. 0-0 Bg4 9. f3 Bd7 10. Be3 a6 11. d4 cxd4 12. Nxd4 Nxd4 13. Bxd4 Rc8 14. Qd3 Qc7 15. b3 b5 16. cxb5 e5 17. b6 Qc6 18. b7 Qxb7 19. Be3 d5 20. exd5 e4 21. fxe4 Rxc3 22. Qxc3 Nxd5 23. Qd2 Nxe3 24. Qxe3 Bxa1 25. e5 Bc6 26. Bxc6 Qxc6 27. Rxa1 Rd8 28. Rc1 Qd5 29. Re1 Qe6 30. Qg5 Qb6+ 31. Qe3 Qe6 32. Qg5 Qb6+ 33. Qe3 Qe6 1/2-1/2

[Event "SWE-chT 2122 Elite"]
[Site "Sweden"]
[Date "2022.03.20"]
[Round "5.3"]
[White "Westerberg, Jonathan"]
[Black "Von Bahr, Oskar"]
[Result "1/2-1/2"]
[WhiteElo "2502"]
[BlackElo "2386"]
[PlyCount "120"]
[EventDate "2021.12.03"]
[EventType "team-tourn"]
[EventRounds "9"]
[EventCountry "SWE"]
[SourceTitle "EXT 2023"]
[Source "ChessBase"]
[SourceDate "2022.10.05"]
[SourceVersion "1"]
[SourceVersionDate "2022.10.05"]
[SourceQuality "1"]
[WhiteTeam "Stockholm CC"]
[BlackTeam "Kungstornet"]
[WhiteTeamCountry "SWE"]
[BlackTeamCountry "SWE"]

1. e4 e5 2. Nf3 Nc6 3. Bc4 Bc5 4. c3 Nf6 5. b4 Bb6 6. d3 d6 7. a4 a5 8. b5 Ne7 9. 0-0 0-0 10. Bg5 Ng6 11. Nh4 Nxh4 12. Bxh4 h6 13. Nd2 g5 14. Bg3 Bg4 15. Qe1 Nh5 16. Kh1 Nf4 17. f3 Bd7 18. Bf2 Bxf2 19. Qxf2 c6 20. g3 cxb5 21. gxf4 bxc4 22. Nxc4 exf4 23. Qd4 Ra6 24. Rfb1 Be6 25. Nb6 Kh7 26. Nd5 Bxd5 27. Qxd5 b6 28. Qf5+ Kg7 29. Rb5 Qc8 30. c4 Qxf5 31. Rxf5 Rc8 32. Rd5 Rc6 33. h4 f6 34. Rb1 Ra8 35. Rdb5 Ra6 36. h5 Kf7 37. Kg2 Ke6 38. Kh3 Rc5 39. Rxb6 Rxb6 40. Rxb6 f5 41. exf5+ Rxf5 42. d4 Rf8 43. Kg4 Rc8 44. c5 Rd8 45. Ra6 Kd5 46. Rxa5 Kxd4 47. cxd6 Rxd6 48. Rb5 Ke3 49. Rb3+ Kf2 50. a5 Ra6 51. Rb2+ Ke3 52. Rb3+ Kf2 53. Rb2+ Ke3 54. Rb6 Rxa5 55. Rxh6 Ra1 56. Re6+ Kf2 57. Kxg5 Kxf3 58. h6 Rh1 59. Rf6 Ke3 60. Rxf4 Rxh6 1/2-1/2

[Event "SWE-chT 2122 Elite"]
[Site "Sweden"]
[Date "2022.03.19"]
[Round "4.2"]
[White "Von Bahr, Oskar"]
[Black "Akesson, Ralf"]
[Result "1/2-1/2"]
[WhiteElo "2386"]
[BlackElo "2385"]
[PlyCount "117"]
[EventDate "2021.12.03"]
[EventType "team-tourn"]
[EventRounds "9"]
[EventCountry "SWE"]
[SourceTitle "EXT 2023"]
[Source "ChessBase"]
[SourceDate "2022.10.05"]
[SourceVersion "1"]
[SourceVersionDate "2022.10.05"]
[SourceQuality "1"]
[WhiteTeam "Kungstornet"]
[BlackTeam "Vasteras"]
[WhiteTeamCountry "SWE"]
[BlackTeamCountry "SWE"]

1. e4 c5 2. Nf3 d6 3. Bb5+ Bd7 4. Bxd7+ Qxd7 5. c4 Nc6 6. d4 cxd4 7. Nxd4 Nf6 8. Nc3 g6 9. f3 Bg7 10. Be3 0-0 11. 0-0 a6 12. Qd3 Ne5 13. Qe2 e6 14. b3 Rfe8 15. Rfd1 Rad8 16. Rac1 Qc7 17. Kh1 Qb8 18. Bg5 h6 19. Bh4 g5 20. Bf2 Ng6 21. Qf1 g4 22. Bg3 Nh5 23. f4 Nxg3+ 24. hxg3 Qa7 25. Nce2 Qc5 26. f5 Nf8 27. b4 Qe5 28. Qf4 Qxf4 29. gxf4 exf5 30. Nxf5 Rxe4 31. Neg3 Re6 32. c5 d5 33. Nd6 b6 34. Ngf5 bxc5 35. bxc5 Rd7 36. Rxd5 Rc7 37. c6 Bb2 38. Rc2 Ba3 39. Rd3 Bxd6 40. Rxd6 Rxd6 41. Nxd6 Ne6 42. Nb7 Nxf4 43. Rc4 Ng6 44. Na5 Ne5 45. Rb4 Rc8 46. Rb6 g3 47. Kg1 f5 48. Kf1 Kf7 49. Rxa6 Ke6 50. Ke2 f4 51. Ra7 f3+ 52. Kf1 f2 53. Rg7 Ra8 54. c7 Kd6 55. Nb7+ Kc6 56. Nd8+ Kd6 57. Nb7+ Kc6 58. Nd8+ Kd6 59. Nb7+ 1/2-1/2

[Event "SWE-chT 2122 Elite"]
[Site "Sweden"]
[Date "2021.12.04"]
[Round "1.2"]
[White "Blomqvist, Erik"]
[Black "Von Bahr, Oskar"]
[Result "1-0"]
[WhiteElo "2536"]
[BlackElo "2386"]
[PlyCount "91"]
[EventDate "2021.12.03"]
[EventType "team-tourn"]
[EventRounds "9"]
[EventCountry "SWE"]
[SourceTitle "EXT 2023"]
[Source "ChessBase"]
[SourceDate "2022.10.05"]
[SourceVersion "1"]
[SourceVersionDate "2022.10.05"]
[SourceQuality "1"]
[WhiteTeam "Stockholm Rockaden"]
[BlackTeam "Kungstornet"]
[WhiteTeamCountry "SWE"]
[BlackTeamCountry "SWE"]

1. e4 e5 2. Nf3 Nc6 3. Bb5 a6 4. Ba4 Nf6 5. 0-0 Be7 6. Re1 b5 7. Bb3 0-0 8. a4 b4 9. a5 d6 10. d3 Bg4 11. Be3 Qc8 12. Nbd2 h6 13. h3 Be6 14. Nc4 Rb8 15. Qe2 Rd8 16. Nfd2 Bf8 17. Qf3 Kh7 18. Ba4 Qb7 19. c3 Ne7 20. d4 Ng6 21. d5 Bd7 22. Bxd7 Rxd7 23. Rec1 Be7 24. cxb4 Qxb4 25. Rc3 Qb7 26. Rac1 Kg8 27. g3 Qa8 28. Nf1 Rdd8 29. h4 Rb4 30. Bd2 Nd7 31. Nfe3 Bf8 32. Nf5 Ne7 33. Nxe7+ Bxe7 34. R3c2 Rb7 35. Ne3 Qb8 36. b4 Bf8 37. Rc6 Ra7 38. Nf5 Qb7 39. Qc3 Nf6 40. Be3 g6 41. Bxa7 gxf5 42. Rxc7 Qb5 43. Qf3 Nxe4 44. Qxf5 Qxd5 45. Be3 Re8 46. R1c4 1-0

[Event "SWE-chT 1920 Superettan"]
[Site "Sweden"]
[Date "2019.10.18"]
[Round "1"]
[White "Von Bahr, Oskar"]
[Black "Nyander, Joakim"]
[Result "0-1"]
[WhiteElo "2395"]
[BlackElo "2278"]
[PlyCount "92"]
[EventDate "2019.10.18"]
[EventType "team-tourn"]
[EventRounds "9"]
[EventCountry "SWE"]
[SourceTitle "EXT 2023"]
[Source "ChessBase"]
[SourceDate "2022.10.05"]
[SourceVersion "1"]
[SourceVersionDate "2022.10.05"]
[SourceQuality "1"]
[WhiteTeam "Kungstornet"]
[BlackTeam "Norrkoping Schack 08"]
[WhiteTeamCountry "SWE"]
[BlackTeamCountry "SWE"]

1. c4 c5 2. g3 Nf6 3. Bg2 e6 4. Nf3 Be7 5. 0-0 a6 6. Nc3 Qc7 7. d4 cxd4 8. Qxd4 d6 9. b3 0-0 10. Bb2 Rd8 11. Rac1 b6 12. e4 Nbd7 13. Qe3 Bb7 14. Nd4 Rac8 15. Kh1 Bf8 16. f4 Qb8 17. f5 e5 18. Nc2 b5 19. cxb5 axb5 20. Nb4 Qa8 21. Ncd5 Rxc1 22. Rxc1 Rc8 23. a3 Rc5 24. Bf3 Qc8 25. Nxf6+ Nxf6 26. Nd5 Nxd5 27. exd5 Rxc1+ 28. Bxc1 Qxf5 29. Kg2 Qc2+ 30. Bd2 f5 31. g4 e4 32. Be2 f4 33. Qxf4 Qxb3 34. Bb4 Qxd5 35. Kg3 h6 36. Qf5 Qxf5 37. gxf5 Bc6 38. Kf4 Kf7 39. Bd1 Be7 40. Bb3+ Ke8 41. Be6 Bg5+ 42. Kg4 Ke7 43. Kh5 Bd7 44. h4 Bf6 45. Bd5 Bxf5 46. Bc6 Bd4 0-1

[Event "Fagernes GM"]
[Site "Fagernes"]
[Date "2019.04.16"]
[Round "3"]
[White "Betaneli, Aleksandr"]
[Black "Von Bahr, Oskar"]
[Result "1/2-1/2"]
[WhiteElo "2235"]
[BlackElo "2404"]
[PlyCount "129"]
[EventDate "2019.04.14"]
[EventType "tourn"]
[EventRounds "9"]
[EventCountry "NOR"]
[EventCategory "7"]
[SourceTitle "CBM 189 Extra"]
[Source "ChessBase"]
[SourceDate "2019.06.03"]
[SourceVersion "1"]
[SourceVersionDate "2019.06.03"]
[SourceQuality "1"]

1. c4 c5 2. g3 g6 3. Bg2 Bg7 4. Nc3 Nc6 5. e4 d6 6. Nge2 Nf6 7. d3 a6 8. 0-0 Rb8 9. a4 Bg4 10. f3 Bd7 11. Rb1 0-0 12. Be3 Ne8 13. d4 cxd4 14. Nxd4 Nc7 15. Nb3 Ne5 16. c5 dxc5 17. Nxc5 Bc6 18. Qe2 a5 19. Rfd1 Qe8 20. f4 b6 21. Nb3 Bxa4 22. Nxa4 Qxa4 23. Nd4 Nc6 24. Nxc6 Qxc6 25. Rbc1 Qb5 26. Qxb5 Nxb5 27. e5 f6 28. Bf1 Na7 29. Rd7 Nc8 30. Bd4 fxe5 31. Bxe5 Bxe5 32. fxe5 b5 33. Rc5 Kf7 34. Bh3 Nb6 35. Ra7 Ra8 36. Rxa8 Rxa8 37. Rxb5 Nc4 38. Bg2 Rc8 39. Bd5+ Kf8 40. Be6 Rc6 41. Bd5 Rc7 42. e6 Kg7 43. Kf2 Nd6 44. Rxa5 Rc2+ 45. Kf3 Rxb2 46. h4 Rb5 47. Rxb5 Nxb5 48. g4 Nc7 49. Bc4 Kf6 50. g5+ Ke5 51. Kg4 Nxe6 52. h5 Nf4 53. hxg6 hxg6 54. Bb3 Nd5 55. Kf3 Nb4 56. Kg4 e6 57. Ba4 Nd5 58. Be8 Nf4 59. Bc6 Nd5 60. Be8 Ne3+ 61. Kf3 Nf5 62. Kg4 Ne7 63. Bf7 Kd5 64. Kg3 Ke5 65. Kg4 1/2-1/2

[Event "SWE-chT 1819 Superettan"]
[Site "Sweden"]
[Date "2019.03.31"]
[Round "9"]
[White "Andersson, Tommy"]
[Black "Von Bahr, Oskar"]
[Result "1-0"]
[WhiteElo "2407"]
[BlackElo "2405"]
[PlyCount "79"]
[EventDate "2018.11.09"]
[EventType "team-tourn"]
[EventRounds "9"]
[EventCountry "SWE"]
[SourceTitle "EXT 2020"]
[Source "ChessBase"]
[SourceDate "2019.10.17"]
[SourceVersion "1"]
[SourceVersionDate "2019.10.17"]
[SourceQuality "1"]
[WhiteTeam "Burgsvik Alva"]
[BlackTeam "Kungstornet"]
[WhiteTeamCountry "SWE"]
[BlackTeamCountry "SWE"]

1. d4 Nf6 2. c4 g6 3. f3 c5 4. d5 d6 5. e4 Bg7 6. Nc3 0-0 7. Nge2 e6 8. Ng3 exd5 9. cxd5 a6 10. a4 Nh5 11. Nxh5 gxh5 12. Bd3 f5 13. Qc2 f4 14. e5 Qh4+ 15. Kd1 Bxe5 16. Bxh7+ Kh8 17. a5 Nd7 18. Bd3 Rg8 19. Qe2 Nf6 20. Bd2 Bd7 21. Kc2 Rae8 22. Qf1 Qg5 23. g3 Bf5 24. Ra4 Qg6 25. gxf4 Bxc3 26. bxc3 Nxd5 27. Bxf5 Qxf5+ 28. Qd3 Qxd3+ 29. Kxd3 Rg2 30. Re4 Nf6 31. Rxe8+ Nxe8 32. c4 Kg8 33. h3 Kf7 34. Rb1 Ke6 35. Rxb7 Rg3 36. Ke3 Rxh3 37. Bc3 Rh2 38. f5+ Kxf5 39. Re7 d5 40. cxd5 1-0

[Event "SWE-chT 1819 Superettan"]
[Site "Sweden"]
[Date "2019.03.29"]
[Round "7"]
[White "Kretz, Johan"]
[Black "Von Bahr, Oskar"]
[Result "0-1"]
[WhiteElo "2207"]
[BlackElo "2405"]
[PlyCount "70"]
[EventDate "2018.11.09"]
[EventType "team-tourn"]
[EventRounds "9"]
[EventCountry "SWE"]
[SourceTitle "EXT 2020"]
[Source "ChessBase"]
[SourceDate "2019.10.17"]
[SourceVersion "1"]
[SourceVersionDate "2019.10.17"]
[SourceQuality "1"]
[WhiteTeam "Vasteras II"]
[BlackTeam "Kungstornet"]
[WhiteTeamCountry "SWE"]
[BlackTeamCountry "SWE"]

1. d4 Nf6 2. c4 g6 3. Nc3 d5 4. cxd5 Nxd5 5. e4 Nxc3 6. bxc3 Bg7 7. Nf3 c5 8. Rb1 cxd4 9. cxd4 Qa5+ 10. Qd2 Nc6 11. Qxa5 Nxa5 12. Bd2 b6 13. Bb5+ Bd7 14. Bxa5 bxa5 15. Bxd7+ Kxd7 16. Rb7+ Kd6 17. e5+ Ke6 18. Ng5+ Kf5 19. Nxf7 Rhb8 20. Rxe7 Bf8 21. Nd6+ Kg5 22. f4+ Kh6 23. Re6 Bxd6 24. 0-0 Ba3 25. d5 Rb2 26. Rc6 Rab8 27. Rf3 Rxa2 28. h4 Rbb2 29. Rg3 Bb4 30. f5 Rb1+ 31. Kh2 Raa1 32. Kh3 Rh1+ 33. Kg4 Be1 34. Rh3 Rf1 35. Rc4 gxf5# 0-1

[Event "SWE-chT 1819 Superettan"]
[Site "Sweden"]
[Date "2019.02.02"]
[Round "5"]
[White "Von Bahr, Oskar"]
[Black "Al Hadarani, Hatim"]
[Result "1-0"]
[WhiteElo "2405"]
[BlackElo "2324"]
[PlyCount "65"]
[EventDate "2018.11.09"]
[EventType "team-tourn"]
[EventRounds "9"]
[EventCountry "SWE"]
[SourceTitle "EXT 2020"]
[Source "ChessBase"]
[SourceDate "2019.10.17"]
[SourceVersion "1"]
[SourceVersionDate "2019.10.17"]
[SourceQuality "1"]
[WhiteTeam "Kungstornet"]
[BlackTeam "Manhem"]
[WhiteTeamCountry "SWE"]
[BlackTeamCountry "SWE"]

1. c4 e5 2. g3 d6 3. Bg2 c5 4. Nc3 Nc6 5. Nf3 g5 6. h3 Bg7 7. d3 h6 8. Nd2 Nge7 9. Nf1 f5 10. Ne3 Be6 11. Ned5 Ng6 12. Rb1 0-0 13. e3 Qd7 14. Bd2 Rae8 15. b4 cxb4 16. Nb5 Rc8 17. Bxb4 Nxb4 18. Rxb4 e4 19. dxe4 Ne5 20. Nxa7 fxe4 21. Bxe4 Ra8 22. Ra4 Qf7 23. f4 Nxc4 24. Rxc4 Rxa7 25. Rc7 Bd7 26. Nb6 Qe8 27. Qd5+ Be6 28. Qxd6 Bxa2 29. Re7 Qh5 30. 0-0 Bf6 31. Nd5 Ra6 32. Nxf6+ Rxf6 33. Qd8+ 1-0

[Event "SWE-chT 1819 Superettan"]
[Site "Sweden"]
[Date "2019.01.12"]
[Round "4"]
[White "Winsnes, Rikard"]
[Black "Von Bahr, Oskar"]
[Result "1/2-1/2"]
[WhiteElo "2378"]
[BlackElo "2405"]
[PlyCount "95"]
[EventDate "2018.11.09"]
[EventType "team-tourn"]
[EventRounds "9"]
[EventCountry "SWE"]
[SourceTitle "EXT 2020"]
[Source "ChessBase"]
[SourceDate "2019.10.17"]
[SourceVersion "1"]
[SourceVersionDate "2019.10.17"]
[SourceQuality "1"]
[WhiteTeam "Alingsas"]
[BlackTeam "Kungstornet"]
[WhiteTeamCountry "SWE"]
[BlackTeamCountry "SWE"]

1. g3 e5 2. c4 Nf6 3. Bg2 c6 4. d4 Bb4+ 5. Bd2 Bxd2+ 6. Qxd2 d6 7. Nc3 0-0 8. Rd1 Qe7 9. dxe5 dxe5 10. Nf3 e4 11. Nd4 e3 12. fxe3 Na6 13. 0-0 Be6 14. e4 Rad8 15. Qg5 h6 16. Qf4 Qc5 17. e5 Nd7 18. Ne4 Qxe5 19. Nxe6 fxe6 20. Qxe5 Nxe5 21. Bh3 Rxf1+ 22. Rxf1 Re8 23. b3 Nf7 24. Rxf7 Kxf7 25. Nd6+ Ke7 26. Nxe8 Kxe8 27. Bxe6 Nb4 28. a4 Ke7 29. Bc8 b6 30. Kf2 Nc2 31. e3 a5 32. Bg4 Kf6 33. Bf3 Nb4 34. Ke2 Ke5 35. Kd2 Kf5 36. Kc3 c5 37. Kd2 Na6 38. Bb7 Nb8 39. Ke2 Ke5 40. Kf3 Nd7 41. Bc6 Nf6 42. h4 Nh7 43. Be4 Nf6 44. Bg6 Ng8 45. Kg4 Nf6+ 46. Kf3 Ng8 47. Bd3 Nf6 48. Bg6 1/2-1/2

[Event "Vasteras op"]
[Site "Vasteras"]
[Date "2018.09.28"]
[Round "1"]
[White "Larsson, Per Olov"]
[Black "Von Bahr, Oskar"]
[Result "0-1"]
[WhiteElo "1944"]
[BlackElo "2418"]
[PlyCount "68"]
[EventDate "2018.09.28"]
[EventType "swiss"]
[EventRounds "8"]
[EventCountry "SWE"]
[SourceTitle "CBM 186 Extra"]
[Source "ChessBase"]
[SourceDate "2018.08.24"]
[SourceVersion "1"]
[SourceVersionDate "2018.08.24"]
[SourceQuality "1"]

1. e4 e5 2. Nf3 Nc6 3. Bb5 a6 4. Ba4 Nf6 5. d3 d6 6. c3 Be7 7. Nbd2 0-0 8. 0-0 b5 9. Bc2 d5 10. d4 exd4 11. Nxd4 Nxd4 12. cxd4 dxe4 13. Nxe4 Bb7 14. Nc5 Bc6 15. Be3 Qd5 16. f3 Rfe8 17. Ne4 Rad8 18. Bf2 Ba8 19. Qd3 Nxe4 20. fxe4 Qh5 21. Bd1 Qg6 22. Bf3 c5 23. Qa3 cxd4 24. Qa5 Bc5 25. Rfe1 Qb6 26. Qxb6 Bxb6 27. Rad1 f6 28. Rd3 Kf7 29. h4 Re7 30. g3 Rde8 31. Red1 Bxe4 32. Bxe4 Rxe4 33. Bxd4 Rxd4 34. Rxd4 Rd8 0-1

[Event "Vasteras op"]
[Site "Vasteras"]
[Date "2018.09.28"]
[Round "4"]
[White "Von Bahr, Oskar"]
[Black "Janse, Love"]
[Result "1/2-1/2"]
[WhiteElo "2418"]
[BlackElo "2214"]
[PlyCount "90"]
[EventDate "2018.09.28"]
[EventType "swiss"]
[EventRounds "8"]
[EventCountry "SWE"]
[SourceTitle "CBM 186 Extra"]
[Source "ChessBase"]
[SourceDate "2018.08.24"]
[SourceVersion "1"]
[SourceVersionDate "2018.08.24"]
[SourceQuality "1"]

1. c4 f5 2. g3 Nf6 3. Bg2 g6 4. Nc3 Bg7 5. d3 d6 6. e4 0-0 7. Nge2 Nc6 8. 0-0 e5 9. Nd5 Ne7 10. Bg5 c6 11. Nxf6+ Bxf6 12. Bxf6 Rxf6 13. d4 Be6 14. d5 Bf7 15. f4 exf4 16. Nxf4 fxe4 17. Bxe4 Qb6+ 18. Rf2 cxd5 19. cxd5 Rf8 20. Qd2 g5 21. Nh3 Rxf2 22. Nxf2 Bg6 23. Re1 Bxe4 24. Rxe4 Ng6 25. Kg2 Rf5 26. Ng4 Kg7 27. Qc3+ Ne5 28. Re2 Qb5 29. Re1 Qxd5+ 30. Kh3 h5 31. Ne3 g4+ 32. Kh4 Kg6 33. Nxf5 Nf3+ 34. Qxf3 Qxf3 35. Nd4 Qf2 36. Re6+ Kf7 37. Re4 Qxh2+ 38. Kg5 Qxg3 39. Nf5 Qg2 40. Nxd6+ Kf8 41. Re8+ Kg7 42. Re7+ Kf8 43. Re8+ Kg7 44. Nf5+ Kf7 45. Nd6+ Kg7 1/2-1/2